[Event "HUN-ch"]
[Site "?"]
[Date "1986.??.??"]
[Round "?"]
[White "Petran, Pal"]
[Black "Perenyi, Bela"]
[Result "0-1"]
[WhiteElo "2420"]
[BlackElo "2415"]

1.d4 Nf6 2.c4 c5 3.d5 e6 4.Nc3 exd5 5.cxd5 d6 6.Nf3 g6 7.Nd2 Bg7 8.Nc4 O-O
9.Bg5 Qe7 10.e3 h6 11.Bh4 Nbd7 12.Be2 a6 13.a4 Rb8 14.Bg3 Ne8 15.a5 Ne5 16.Nb6 h5
17.h3 h4 18.Nxc8 Rxc8 19.Bh2 Nf6 20.O-O c4 21.Qc2 Rc5 22.Rfd1 Rfc8 23.Ra3 Nfd7
24.Bf4 Qd8 25.Ne4 Rb5 26.Ra2 Qc7 27.Qa4 Nc5 28.Nxc5 Qxc5 29.e4 Rb3 30.Bd2 Qd4
31.Bc3 Qxe4 32.Bf1 Qc2 33.Rd2 Qf5 34.Rd1 Rb5 35.Ra3 Rcc5 36.Bxe5 Bxe5 37.Rf3 Qc8
38.Rc1 Rxa5 39.Qc2 Qd8 40.Qe4 Qg5 41.Rxc4 Rxc4 42.Qxc4 Rc5 43.Qa4 Qe7 44.Re3 Rc1
45.Qb4 Qg5 46.Re4 Qf5 47.f3 Qg5 48.Qb6 Qg3 49.Qd8+ Kg7 50.Qxh4 Qh2+ 51.Kf2 Bg3+  0-1

[Event "URS-FL"]
[Site "Irkutsk"]
[Date "1986.??.??"]
[Round "?"]
[White "Aseev, Konstantin N"]
[Black "Pigusov, Evgeny"]
[Result "1/2-1/2"]
[WhiteElo "2440"]
[BlackElo "2500"]

1.d4 Nf6 2.c4 e6 3.Nf3 c5 4.d5 exd5 5.cxd5 d6 6.Nc3 g6 7.Bf4 a6 8.a4 Bg7
9.e4 O-O 10.Be2 Bg4 11.O-O Bxf3 12.Bxf3 Qe7 13.Re1 Nbd7 14.Qd2 Rab8 15.Be2 Rfe8
16.Bf1 Nh5 17.Bg5 Bf6 18.Bh6 Bg7 19.Bg5 Bf6 20.Bh6 Bg7 21.Bg5  1/2-1/2

[Event "ISR-ch"]
[Site "?"]
[Date "1986.??.??"]
[Round "?"]
[White "Kraidman, Yair"]
[Black "Greenfeld, Alon"]
[Result "1-0"]
[WhiteElo "2445"]
[BlackElo "2505"]

1.d4 Nf6 2.c4 e6 3.Nf3 c5 4.d5 exd5 5.cxd5 d6 6.Nc3 g6 7.Bg5 h6 8.Bh4 a6
9.a4 Bg7 10.e3 g5 11.Bg3 Nh5 12.Be2 Nxg3 13.hxg3 Nd7 14.Nd2 Ne5 15.f4 Nd7
16.Qc2 Qe7 17.Nc4 Nf6 18.a5 Bd7 19.e4 Ng4 20.e5 dxe5 21.d6 Qe6 22.fxg5 O-O-O
23.Ne4 Kb8 24.Nxc5 Qf5 25.Nxd7+ Qxd7 26.Qe4 f5 27.Bxg4 fxg4 28.O-O-O Qa4
29.Kb1 hxg5 30.Rhf1 Rhf8 31.Rc1 Qc6 32.Qxg4 Rxf1 33.Rxf1 e4 34.Qxg5 Rc8 35.Rc1 Bd4
36.Nb6 Qxc1+ 37.Qxc1 Rxc1+ 38.Kxc1 e3 39.Nc4 Kc8 40.Kc2 Kd7 41.Kd3 Ke6 42.g4 Kf6
43.g5+  1-0

[Event "ISR-ch"]
[Site "?"]
[Date "1986.??.??"]
[Round "?"]
[White "Grinberg, Nir"]
[Black "Manor, Ilan"]
[Result "0-1"]
[WhiteElo "2415"]
[BlackElo "2425"]

1.d4 Nf6 2.Nf3 c5 3.d5 e6 4.c4 exd5 5.cxd5 d6 6.Nc3 g6 7.Bg5 Bg7 8.Nd2 a6
9.a4 h6 10.Bh4 g5 11.Bg3 Nh5 12.e3 Nxg3 13.hxg3 Nd7 14.Be2 O-O 15.Nc4 Qe7
16.a5 f5 17.f4 Rb8 18.Qb3 b5 19.axb6 Nxb6 20.Nd1 Nxc4 21.Qxc4 Rb4 22.Qd3 Bb7
23.Ra2 Qe4 24.Qxe4 fxe4 25.Bg4 Bxd5 26.Rxa6 Rd8 27.Ra7 gxf4 28.gxf4 Bf7 29.Bf5 d5
30.Rh3 d4 31.Rg3 Rb6 32.Bxe4 d3 33.Kd2 c4 34.Bf3 Kf8 35.Bh5 Rxb2+ 36.Nxb2 c3+
37.Kc1 d2+ 38.Kb1 Bxh5 39.Raxg7 Rd5 40.e4 cxb2 41.exd5 d1=Q+ 42.Kxb2 Qxd5
43.Kc3 Qe6 44.Kd3 Qe2+ 45.Kc3 Qe1+ 46.Kd3 Qb1+ 47.Ke3 Qc1+ 48.Ke4 Qc4+ 49.Ke5 Bf7
50.Rh3 Qe2+  0-1

[Event "ISR-ch"]
[Site "?"]
[Date "1986.??.??"]
[Round "?"]
[White "Alterman, Vladimir I"]
[Black "Gruenfeld, Yehuda"]
[Result "1-0"]
[WhiteElo "2370"]
[BlackElo "2535"]

1.d4 Nf6 2.c4 c5 3.d5 e6 4.Nc3 exd5 5.cxd5 d6 6.Nf3 g6 7.Bg5 Bg7 8.Nd2 h6
9.Bh4 g5 10.Bg3 Nh5 11.e3 Nxg3 12.hxg3 O-O 13.Nc4 Qe7 14.Qd2 Rd8 15.Be2 Nd7
16.a4 Ne5 17.Na3 Bd7 18.f4 Ng4 19.Nc4 Re8 20.Bxg4 Bxg4 21.Ra3 Rad8 22.Rb3 Rd7
23.a5 h5 24.Qd3 f5 25.Kd2 h4 26.gxh4 gxf4 27.exf4 Bd4 28.Kc2 Qf6 29.Kb1 Rde7
30.Ka2 Bh5 31.Rc1 Bf7 32.Qg3+ Kf8 33.Qg5 Bxc3 34.Rcxc3 Qxg5 35.fxg5 Bxd5
36.Nxd6 Rd8 37.Nxf5 Re4 38.Ka3 Bc6 39.Ka2 c4 40.Rb4 Rd5 41.a6 b6 42.Rbxc4 Ra5+
43.Kb1 Re1+ 44.Kc2 Bxg2 45.Ne3 Bh3 46.Rf4+ Ke8 47.Kd2 Rb1 48.Nc4 Rd5+ 49.Kc2 Rh1
50.Re3+ Kd7 51.Ne5+ Kd6 52.Rf6+ Kc5 53.Nc6 Bf5+ 54.Kb3 Bd3 55.Ne5 Bb5 56.Rc3+ Kd4
57.Nf3+ Ke4 58.g6 Bd3 59.Ng5+ Ke5 60.Re6+ Kf5 61.Rcc6 Rxh4 62.g7 Rd8 63.Rf6+ Kxg5
64.Rf8  1-0

[Event "UKR-ch"]
[Site "Kiev"]
[Date "1986.??.??"]
[Round "11"]
[White "Legky, Nikolay A"]
[Black "Moskalenko, Viktor"]
[Result "1/2-1/2"]
[WhiteElo "2365"]
[BlackElo "2430"]

1.d4 Nf6 2.c4 c5 3.d5 e6 4.Nc3 exd5 5.cxd5 d6 6.Nf3 g6 7.Bf4 a6 8.e4 b5 9.Qe2 Nh5
10.Bg5 Be7  1/2-1/2

[Event "BKL-Turnier"]
[Site "Leipzig"]
[Date "1986.??.??"]
[Round "4"]
[White "Lukacs, Peter"]
[Black "Foisor, Ovidiu"]
[Result "0-1"]
[WhiteElo "2460"]
[BlackElo "2420"]

1.d4 Nf6 2.c4 e6 3.Nf3 c5 4.d5 exd5 5.cxd5 d6 6.Nc3 g6 7.Nd2 Nbd7 8.e4 Bg7
9.Be2 O-O 10.O-O Re8 11.a4 g5 12.Ra3 Ne5 13.Qc2 a6 14.Nd1 b6 15.Ne3 Ng6 16.f3 Bd7
17.Ndc4 Qc7 18.a5 b5 19.Nb6 Rab8 20.Nxd7 Nxd7 21.Nf5 Bf6 22.Kh1 Kh8 23.g3 c4
24.b4 Rf8 25.Be3 Rbe8 26.h3 Ne7 27.Nh6 Ng8 28.Ng4 Be7 29.Qc3+ f6 30.Bxg5 Rf7
31.Ne3 Ne5 32.Bf4 Ng6 33.Nf5 Nxf4 34.gxf4 Qd7 35.Kh2 Bf8 36.Rg1 Ne7 37.Nd4 Bh6
38.Ne6 Ng6 39.Rg4 Qa7 40.Qe1 f5 41.Rg2 Nxf4 42.Nxf4 Bxf4+ 43.Kh1 Rg7 44.Bf1 Rxg2
45.Bxg2 Qd4 46.Ra2 c3  0-1

[Event "BKL-Turnier"]
[Site "Leipzig"]
[Date "1986.??.??"]
[Round "8"]
[White "Schoeneberg, Manfred"]
[Black "Foisor, Ovidiu"]
[Result "1-0"]
[WhiteElo "2360"]
[BlackElo "2420"]

1.d4 Nf6 2.c4 e6 3.Nf3 c5 4.d5 exd5 5.cxd5 d6 6.Nc3 g6 7.e4 Bg7 8.Be2 O-O
9.Bf4 a6 10.a4 Bg4 11.O-O Bxf3 12.Bxf3 Qe7 13.Re1 Nbd7 14.a5 Rfe8 15.h3 Ne5
16.Be2 Qc7 17.Ra4 Rac8 18.Bg3 Ned7 19.Qc2 Re7 20.f4 Rce8 21.Bf3 c4 22.Bf2 h6
23.Qd2 Qd8 24.Qd1 Nh7 25.g3 Kh8 26.Bd4 f5 27.Bxg7+ Kxg7 28.Qd4+ Nhf6 29.Re2 fxe4
30.Nxe4 Rxe4 31.Rxe4 Rxe4 32.Bxe4 Nc5 33.Rxc4 Nxe4 34.Qb6 Qxb6+ 35.axb6 Nc5
36.b4 Na4 37.Rc7+ Kf8 38.Rxb7 Nxd5 39.Rb8+ Ke7 40.b7  1-0

[Event "Lisboa"]
[Site "Lisboa"]
[Date "1986.??.??"]
[Round "?"]
[White "Santos, Jose P"]
[Black "Sequeira, Joao F A"]
[Result "1/2-1/2"]
[WhiteElo "2345"]
[BlackElo "2310"]

1.d4 Nf6 2.c4 c5 3.d5 e6 4.Nc3 exd5 5.cxd5 d6 6.Nf3 g6 7.g3 Bg7 8.Bg2 O-O
9.O-O a6 10.a4 Nbd7 11.Bf4 Qc7 12.Nd2 Ng4 13.Nc4 Nge5 14.Na3 Re8 15.h3 Rb8
16.Be3 f5 17.Kh2 Nf6 18.Qd2 Bd7 19.Rfc1 Qd8 20.Rab1 b5 21.b4 Neg4+ 22.hxg4 Nxg4+
23.Kg1 Nxe3 24.axb5 cxb4 25.Rxb4 Nxg2 26.Nc4 Ne3 27.Nxe3 axb5 28.Rcb1 Qa5
29.Qd3 Bxc3 30.Qxc3 Re4 31.Rc4 Qxc3 32.Rxc3 Rb7 33.Rb2 Kf8 34.f3 Rd4 35.Nc2 Rxd5
36.Nb4 Rd4 37.Kf2 Ke7 38.Ke3 Rd1 39.Rcb3 d5 40.Nc2 Kd6 41.Nd4 Kc5 42.Rc3+ Kb6
43.Rcb3 Ka5 44.Ra3+ Kb6 45.Rab3 Kc5 46.Rc3+ Kd6 47.Rcb3 g5 48.Nxb5+ Bxb5
49.Rxb5 Rxb5 50.Rxb5 Rc1 51.Rb6+ Rc6 52.Rb7 Rc3+ 53.Kd4 Rc4+ 54.Ke3 f4+ 55.gxf4 gxf4+
56.Kf2 Rc7 57.Rb6+ Rc6 58.Rb7 h6 59.Rh7 Ke5 60.Rh8 Rf6 61.Re8+ Kd6 62.Rd8+ Ke6
63.Kf1 Rf5 64.Rh8  1/2-1/2

[Event "Lugano op"]
[Site "Lugano"]
[Date "1986.??.??"]
[Round "?"]
[White "Bellon Lopez, Juan Manuel"]
[Black "Schmittdiel, Eckhard"]
[Result "1-0"]
[WhiteElo "2430"]
[BlackElo "2360"]

1.d4 Nf6 2.c4 c5 3.d5 e6 4.Nc3 exd5 5.cxd5 d6 6.Nf3 g6 7.Bf4 Bg7 8.Qa4+ Bd7
9.Qb3 Qc7 10.e4 O-O 11.Nd2 Nh5 12.Be3 f5 13.exf5 gxf5 14.Be2 Be8 15.Nf3 h6
16.O-O a6 17.a4 Nd7 18.Rfe1 f4 19.Bd2 Ne5 20.Rac1 b5 21.axb5 axb5 22.Nxb5 Qb6
23.Nxe5 Bxe5 24.Qh3 Ng7 25.Na3 Qxb2 26.Nc4 Qa2 27.Bd3 h5 28.Bb1 Qa6 29.Nxe5 dxe5
30.Rxe5 Bg6 31.Bxg6 Qxg6 32.Rxc5 Rfe8 33.Rxe8+ Rxe8 34.Rc1 Nf5 35.Rc6 Qg7
36.Rc1 f3 37.Kh1 fxg2+ 38.Qxg2 Qxg2+ 39.Kxg2 Rd8 40.Rc5 Ne7 41.Bg5 Rd7 42.Bxe7 Rxe7
43.d6  1-0

[Event "Lvov Int"]
[Site "Lvov"]
[Date "1986.??.??"]
[Round "?"]
[White "Malaniuk, Vladimir P"]
[Black "Norwood, David"]
[Result "1-0"]
[WhiteElo "2495"]
[BlackElo "2460"]

1.d4 Nf6 2.c4 e6 3.Nf3 c5 4.d5 exd5 5.cxd5 d6 6.Nc3 g6 7.Bf4 Bg7 8.Qa4+ Bd7
9.Qb3 Qc7 10.e4 O-O 11.Nd2 Nh5 12.Be3 f5 13.exf5 gxf5 14.Be2 f4 15.Bxc5 Na6
16.Ba3 Rae8 17.Nce4 Nf6 18.Bxd6 Qa5 19.Nc3 Ne4 20.Ndxe4 Rxe4 21.O-O Bxc3
22.Bxa6 Qxa6 23.Bxf8 Bd4 24.Ba3 Qg6 25.Rae1 Bf5 26.d6+ Kg7 27.d7 Bf6 28.Rxe4 Bxe4
29.f3 Bf5 30.Qxb7 Kh6 31.Qd5 Bd8  1-0

[Event "URS-ch otbor"]
[Site "Minsk"]
[Date "1986.??.??"]
[Round "?"]
[White "Naumkin, Igor"]
[Black "Savon, Vladimir A"]
[Result "1-0"]
[WhiteElo "2420"]
[BlackElo "2445"]

1.d4 Nf6 2.Nf3 e6 3.c4 c5 4.d5 exd5 5.cxd5 d6 6.Nc3 g6 7.Bf4 Bg7 8.Qa4+ Bd7
9.Qb3 Qc7 10.e4 O-O 11.Nd2 Nh5 12.Be3 f5 13.exf5 gxf5 14.Be2 f4 15.Bxc5 f3
16.Bxf3 Rxf3 17.gxf3 Qxc5 18.Qxb7 Bxc3 19.bxc3 Nf4 20.Rg1+ Kf7 21.Ne4 Qxd5
22.Qxd5+ Nxd5 23.Rd1 Ne7 24.Rxd6 Ng6 25.h4 Ke7 26.h5  1-0

[Event "Moscow"]
[Site "Moscow"]
[Date "1986.??.??"]
[Round "?"]
[White "Razuvaev, Yuri S"]
[Black "Suba, Mihai"]
[Result "1/2-1/2"]
[WhiteElo "2525"]
[BlackElo "2545"]

1.d4 Nf6 2.c4 e6 3.Nf3 c5 4.d5 d6 5.Nc3 exd5 6.cxd5 g6 7.g3 Bg7 8.Bg2 O-O
9.O-O Na6 10.h3 Re8 11.Re1 Ne4 12.Nxe4 Rxe4 13.Nd2 Re8 14.a4 Nc7 15.Nc4  1/2-1/2

[Event "Oslo"]
[Site "Oslo"]
[Date "1986.??.??"]
[Round "?"]
[White "Ingbrandt, Johan"]
[Black "Liabotro, Pal Ole"]
[Result "1-0"]
[WhiteElo "2365"]
[BlackElo "2365"]

1.d4 Nf6 2.c4 c5 3.d5 e6 4.Nc3 exd5 5.cxd5 d6 6.Nf3 g6 7.g3 Bg7 8.Bg2 O-O
9.O-O Re8 10.Nd2 a6 11.a4 Nbd7 12.Ra2 Rb8 13.a5 b5 14.axb6 Nxb6 15.b3 Bb7
16.Nc4 Nxc4 17.bxc4 Bc8 18.Qc2 Rb4 19.Ne4 Bf5 20.Nxf6+ Bxf6 21.e4 Bc8 22.Bd2 Rb8
23.Bc3 Bxc3 24.Qxc3 Qb6 25.Qf6 Qd8 26.Qxd8 Rxd8 27.Re1 Re8 28.f4 Rb4 29.Bf1 f6
30.Ra5 Bf5 31.Rxa6 Bxe4 32.Rxd6 f5 33.Ra6 Reb8 34.Ra5 Rb1 35.Rxb1 Rxb1 36.Ra3 Rb2
37.Re3 Rd2 38.Re2 Rd1 39.Kf2 Kf7 40.Rb2 h6 41.h3 Rc1 42.g4 Rc3 43.Rb7+ Kf6
44.Rb6+ Kf7 45.g5 Rf3+ 46.Ke2 hxg5 47.fxg5 f4 48.Re6 Re3+ 49.Kd2  1-0

[Event "POL-chT"]
[Site "Porabka"]
[Date "1986.??.??"]
[Round "?"]
[White "Twardon, Marian"]
[Black "Rosiak, Andrzej"]
[Result "1/2-1/2"]
[WhiteElo "2345"]
[BlackElo "2330"]

1.d4 Nf6 2.c4 c5 3.d5 e6 4.Nc3 exd5 5.cxd5 d6 6.Nf3 g6 7.Bf4 a6 8.e4 b5 9.Qe2 Nh5
10.Bg5 Be7 11.Bh6 Bf8 12.Qe3 Bxh6 13.Qxh6 b4 14.Nd1 Bg4 15.Nd2 Bxd1 16.Rxd1 Qf6
17.g3 Nd7 18.Be2 Qg7 19.Qe3 Qxb2 20.Nc4 Qf6 21.f4 Ng7 22.Bg4 Qe7 23.e5 O-O
24.Bxd7 Qxd7 25.Nxd6 Qh3 26.Qxc5 Qg2 27.Rf1 Qxa2 28.Rf2 Qb3 29.Qd4 a5 30.g4 Qh3
31.Ne4 Qh4 32.f5 gxf5 33.Nf6+ Kh8 34.gxf5 Qxd4 35.Rxd4 Ne8 36.Nxh7 Rg8 37.Rh4 Rg1+
38.Kd2 Kg7 39.f6+ Kg8 40.Rf5 Ra6 41.d6 Nxd6 42.exd6 Rxd6+ 43.Ke2 Rdd1 44.Rg5+ Rxg5
45.Nxg5 Rg1 46.Nf3 b3 47.Nd2 b2 48.Kd3 Rd1 49.Kc2 Rxd2+ 50.Kb1 a4 51.Rxa4 Rxh2
52.Rg4+ Kf8 53.Rb4  1/2-1/2

[Event "POL-chT"]
[Site "Porabka"]
[Date "1986.??.??"]
[Round "?"]
[White "Kujawski, Ryszard"]
[Black "Twardon, Marian"]
[Result "1/2-1/2"]
[WhiteElo "2225"]
[BlackElo "2345"]

1.d4 Nf6 2.c4 e6 3.Nf3 c5 4.d5 exd5 5.cxd5 d6 6.Nc3 g6 7.Bf4 a6 8.a4 Bg7
9.e4 O-O 10.Be2 Bg4 11.O-O Qe7 12.Nd2 Bxe2 13.Qxe2 Nbd7 14.g4 Ne5 15.f3 h5
16.h3 Rab8 17.Kg2 hxg4 18.hxg4 Nh7 19.Rh1 b5 20.Rh2 c4 21.Rah1 Nd3 22.Qe3 Nxf4+
23.Qxf4 Be5 24.Qh6 Bxh2 25.Rxh2 f6 26.axb5 axb5 27.Qxg6+ Qg7 28.Qf5 Rfe8
29.Ne2 Re5 30.Qf4 Qg5 31.Qxg5+ fxg5 32.Nd4 Nf6 33.Nc6 Ra8 34.Nb1 b4 35.Kg3 Ra1
36.Nd2 c3 37.bxc3 bxc3 38.Nb3 Rg1+ 39.Kf2 Rb1 40.Nbd4 Rxe4 41.Rh6 Nxg4+ 42.fxg4 Rb2+
43.Kf3 Rf4+ 44.Ke3 c2 45.Nxc2 Rxc2 46.Rg6+ Kf7 47.Rxd6 Rc3+ 48.Kd2 Ra3 49.Rd7+ Kf6
50.Rd6+ Kg7 51.Rd7+ Rf7 52.Rxf7+ Kxf7 53.Ne5+ Kf6 54.Nc4 Rg3 55.Ne3 Ke5 56.d6 Ke6
57.Ke2 Rg1 58.Kf2 Ra1 59.Nf5 Ra4 60.Kf3 Rf4+ 61.Kg3 Rf1 62.Kg2 Rd1 63.Kf2 Ke5
64.Ke2 Ra1 65.Ke3 Ra3+ 66.Ke2 Ke6 67.Kf2  1/2-1/2

[Event "Poznan"]
[Site "Poznan"]
[Date "1986.??.??"]
[Round "4"]
[White "Conquest, Stuart"]
[Black "Woda, Jacek"]
[Result "1-0"]
[WhiteElo "2400"]
[BlackElo "2400"]

1.d4 Nf6 2.c4 e6 3.Nf3 c5 4.d5 exd5 5.cxd5 d6 6.Nc3 g6 7.Nd2 Nbd7 8.e4 Bg7
9.Be2 O-O 10.O-O Re8 11.h3 a6 12.a4 Rb8 13.Qc2 Qc7 14.Re1 c4 15.a5 Ne5 16.Nf3 Nxf3+
17.Bxf3 Nd7 18.Be2 Bd4 19.Bf1 Ne5 20.Be3 Bxe3 21.Rxe3 b5 22.f4 Nd7 23.Kh1 Bb7
24.Qf2 b4 25.Nd1 Nf6 26.Qe1 Nh5 27.Qf2 Rbc8 28.Be2 Nf6 29.Bf3 Qc5 30.Qd2 Re7
31.Ra4 b3 32.Qc3 Ne8 33.Bg4 f5 34.exf5 gxf5 35.Rxe7 fxg4 36.Qe1 Qxd5 37.Rxe8+ Kf7
38.Qe7+ Kg6 39.Ne3 Qd3 40.f5+  1-0

[Event "Tatran Cup"]
[Site "Stary Smokovec"]
[Date "1986.??.??"]
[Round "?"]
[White "Stohl, Igor"]
[Black "Kindermann, Stefan"]
[Result "1/2-1/2"]
[WhiteElo "2465"]
[BlackElo "2495"]

1.d4 Nf6 2.Nf3 e6 3.c4 c5 4.d5 exd5 5.cxd5 d6 6.Nc3 g6 7.Nd2 Nbd7 8.e4 Bg7
9.Be2 O-O 10.O-O Re8 11.a4 g5 12.Re1 Ne5 13.Nf1 h6 14.Ng3 Ng6 15.Bd2 Nf4
16.Bb5 Re7 17.Qc2 Ng4 18.Nd1 Rc7 19.Ba5 b6 20.Bc3 Bxc3 21.bxc3  1/2-1/2

[Event "Szirak"]
[Site "Szirak"]
[Date "1986.??.??"]
[Round "?"]
[White "Pinter, Jozsef"]
[Black "Suba, Mihai"]
[Result "1-0"]
[WhiteElo "2555"]
[BlackElo "2580"]

1.d4 Nf6 2.c4 e6 3.Nf3 c5 4.d5 d6 5.Nc3 exd5 6.cxd5 g6 7.Nd2 Nbd7 8.e4 Bg7
9.Be2 O-O 10.O-O Re8 11.a4 g5 12.Re1 Nf8 13.Bb5 Re7 14.Nf1 a6 15.Bd3 h6 16.Ne3 Ng6
17.Nc4 Ng4 18.a5 Bd4 19.Rf1 N6e5 20.Ne2 Nxc4 21.Nxd4 Nxa5 22.Nf5 Bxf5 23.exf5 Nf6
24.h4 gxh4 25.Bxh6 b6 26.Qd2 Nh7 27.f6 Re5 28.Bg7 Rh5 29.Qf4 Qc8 30.Rae1 c4
31.Bc2 h3 32.g4 Rh4 33.f3 Qc5+ 34.Kh1 Qb4 35.Re2 Nb3 36.Rfe1 Qb5 37.Qg3 Nd4
38.Qxh4 Nxc2 39.Rxc2 Qxd5 40.Qxh3  1-0

[Event "Agzamov mem"]
[Site "Tashkent"]
[Date "1986.??.??"]
[Round "2"]
[White "Epishin, Vladimir"]
[Black "Pigusov, Evgeny"]
[Result "0-1"]
[WhiteElo "2370"]
[BlackElo "2495"]

1.d4 Nf6 2.c4 e6 3.Nf3 c5 4.d5 exd5 5.cxd5 d6 6.Nc3 g6 7.Bf4 a6 8.a4 Qe7
9.e3 Bg4 10.Be2 Bxf3 11.Bxf3 Nbd7 12.O-O Bg7 13.e4 O-O 14.Qd2 Ne8 15.Rae1 Nc7
16.Bg4 b5 17.Bxd7 Qxd7 18.axb5 axb5 19.Bh6 Bxh6 20.Qxh6 Rae8 21.Re3 b4 22.Nd1 f5
23.exf5 Qxf5 24.Rxe8 Rxe8 25.Ne3 Qe5 26.Ng4 Qd4 27.Qg5 Rf8 28.h3 Nxd5 29.Re1 Nf6
30.Nh6+ Kh8 31.Re7 Ne4 32.Qh4 Qxf2+ 33.Qxf2 Nxf2 34.Nf7+ Kg7 35.Nxd6+ Kf6
36.Rxh7 Nd3 37.Nc4 Ne5 38.Nd2 Rc8 39.Rb7 Ke6 40.b3 Kd5 41.Kf2 Ra8 42.Ke2 Ra2
43.Ke3 Ra3 44.Ke2 Kd4 45.Rb8 Ra2 46.Kd1 Kc3 47.Ne4+ Kxb3 48.Nxc5+ Kc4 49.Ne4 Kd3
50.Nc5+ Kd4 51.Ne6+ Ke3 52.Nc5 Kd4 53.Ne6+ Kc3 54.Nf4 Ra1+ 55.Ke2 b3 56.Nd5+ Kd4
57.Nf4 g5 58.Ne6+ Kc3 59.Nxg5 Ra2+ 60.Ke3 Nc4+ 61.Kf3 b2 62.Ne4+ Kc2 63.Rb4 b1=Q
64.Rxb1 Ra3+ 65.Kf4 Kxb1 66.h4 Kc2 67.h5 Ra4 68.Nf6 Ra5 69.g4 Nd6 70.g5 Kd3
71.h6 Nf7 72.Ne4 Ra6 73.Kf5 Ra4 74.h7 Nh8 75.Kf6 Ra6+ 76.Kg7 Ra8 77.g6 Kxe4  0-1

[Event "Tbilisi"]
[Site "Tbilisi"]
[Date "1986.??.??"]
[Round "?"]
[White "Pekarek, Ales"]
[Black "Romanishin, Oleg M"]
[Result "0-1"]
[WhiteElo "2445"]
[BlackElo "2560"]

1.Nf3 Nf6 2.c4 e6 3.d4 c5 4.d5 exd5 5.cxd5 d6 6.Nc3 g6 7.Bf4 a6 8.e4 Bg7
9.Qa4+ Bd7 10.Qb3 Qe7 11.Be2 b5 12.O-O Bg4 13.e5 dxe5 14.Bxe5 O-O 15.Rfe1 Nbd7
16.Bg3 c4 17.Qd1 Qc5 18.h3 Bxf3 19.Bxf3 Rad8 20.Qd2 b4 21.Na4 Qb5 22.b3 c3
23.Qf4 Nxd5 24.Bxd5 Qxd5 25.Qxb4 c2 26.Rac1 Rc8 27.Qe4 Nf6 28.Qxd5 Nxd5 29.Bd6 Bh6
30.Bxf8 Kxf8 31.Nb2 Nb4  0-1

[Event "Wch U20"]
[Site "Baguio"]
[Date "1987.??.??"]
[Round "?"]
[White "Agdestein, Simen"]
[Black "Sevillano, Enrico"]
[Result "1-0"]
[WhiteElo "2565"]
[BlackElo "2315"]

1.d4 Nf6 2.c4 e6 3.Nc3 c5 4.d5 exd5 5.cxd5 d6 6.Nf3 g6 7.Bg5 Bg7 8.Nd2 a6
9.a4 h6 10.Bh4 g5 11.Bg3 Nh5 12.Nc4 Nxg3 13.hxg3 O-O 14.a5 Nd7 15.Na4 Nf6
16.e3 Qc7 17.Ncb6 Rb8 18.Qc2 Bd7 19.Nc3 Rfe8 20.Be2 Re5 21.Ra3 g4 22.Bc4 Rbe8
23.Ne2 Bf5 24.Bd3 Bxd3 25.Rxd3 Nd7 26.Nxd7 Qxd7 27.Nc3 Qc7 28.Qa4 f5 29.O-O Bf6
30.Rc1 Qh7 31.b4 f4 32.gxf4 R5e7 33.Rd2 g3 34.bxc5 gxf2+ 35.Rxf2 Rxe3 36.cxd6 Re1+
37.Rf1 Bxc3 38.Rcxe1 Rxe1 39.Rxe1 Bxe1 40.Qe8+ Kg7 41.Qxe1  1-0

[Event "Wch U20"]
[Site "Baguio"]
[Date "1987.??.??"]
[Round "?"]
[White "Piket, Jeroen"]
[Black "Norwood, David"]
[Result "1/2-1/2"]
[WhiteElo "2450"]
[BlackElo "2405"]

1.d4 Nf6 2.Nf3 c5 3.d5 e6 4.c4 exd5 5.cxd5 d6 6.Nc3 g6 7.g3 Bg7 8.Bg2 O-O
9.O-O a6 10.a4 Nbd7 11.e4 Re8 12.Re1 Qc7 13.h3 Rb8 14.Bf1 c4 15.a5 b5 16.axb6 Rxb6
17.Ra4 Ne5 18.Nxe5 Rxe5 19.Rxc4 Qd8 20.Bf4 Re8 21.Qc2 Nh5 22.Be3 Rb7 23.Rc6 Rbe7
24.Bb6 Qd7 25.Rc7 Qxc7 26.Bxc7 Rxc7 27.Qa4 Ree7 28.g4 Nf4 29.e5 Rxe5 30.Qxf4 Rxe1
31.Qxd6 Rd7 32.Qc6 Rd8 33.Kg2 Re7 34.Bxa6 Bxa6 35.Qxa6 Red7 36.Ne4 Bxb2 37.d6 Be5
38.Qb5 Bg7 39.Qd5 Bf8 40.Nf6+ Kg7 41.Nxd7 Rxd7  1/2-1/2

[Event "Banja Vrucica"]
[Site "Banja Vrucica"]
[Date "1987.??.??"]
[Round "2"]
[White "Filipovic, Branko"]
[Black "Kelecevic, Nedeljko"]
[Result "1/2-1/2"]
[WhiteElo "2420"]
[BlackElo "2380"]

1.d4 Nf6 2.Nf3 c5 3.d5 e6 4.c4 exd5 5.cxd5 d6 6.Nc3 g6 7.g3 Bg7 8.Bg2 O-O
9.O-O Re8 10.Nd2 Nbd7 11.Nc4 Nb6 12.Nxb6 Qxb6 13.a4 a6 14.h3 Qd8 15.Qc2 Rb8
16.a5  1/2-1/2

[Event "Berlin op"]
[Site "Berlin-West"]
[Date "1987.??.??"]
[Round "?"]
[White "Groszpeter, Attila"]
[Black "Madl, Ildiko"]
[Result "1-0"]
[WhiteElo "2500"]
[BlackElo "2335"]

1.d4 Nf6 2.c4 e6 3.Nc3 c5 4.d5 exd5 5.cxd5 d6 6.Nf3 g6 7.Bg5 Bg7 8.e3 h6
9.Bh4 a6 10.a4 g5 11.Bg3 Nh5 12.Bd3 Nxg3 13.hxg3 Nd7 14.Qc2 Qe7 15.Bf5 Rb8
16.O-O O-O 17.Rab1 Ne5 18.Nxe5 Qxe5 19.Bh7+ Kh8 20.Bd3 Bd7 21.Rbe1 b5 22.f4 Qe7
23.axb5 axb5 24.Qe2 c4 25.Bb1 b4 26.Nd1 c3 27.bxc3 bxc3 28.Nxc3 f5 29.Rc1 Rb3
30.Qd2 Rfb8 31.Bd3 Rb2 32.Rc2 Rxc2 33.Bxc2 Rb2 34.Nd1 Ra2 35.Qd3 Qe8 36.Nf2 Qc8
37.Bb1 Rb2 38.Rd1 Qc5 39.fxg5 hxg5 40.g4 Be5 41.gxf5 Bb5 42.Qe4 Rb4 43.Qf3 Rh4
44.g3 Be2 45.Qxe2 Bxg3 46.Kg2 Qc3 47.Rh1 Qb4 48.Rxh4+ gxh4 49.Qh5+ Kg8  1-0

[Event "Berlin op"]
[Site "Berlin-West"]
[Date "1987.??.??"]
[Round "?"]
[White "Paulsen, Dirk"]
[Black "Foisor, Ovidiu"]
[Result "0-1"]
[WhiteElo "2340"]
[BlackElo "2490"]

1.d4 Nf6 2.c4 e6 3.Nf3 c5 4.d5 d6 5.Nc3 exd5 6.cxd5 g6 7.Bf4 a6 8.a4 Bg7
9.e4 Bg4 10.Be2 Bxf3 11.Bxf3 O-O 12.O-O Qe7 13.Re1 Nbd7 14.Qd2 Rfe8 15.a5 Rac8
16.Na4 h5 17.Rac1 Nh7 18.h3 Qf6 19.b3 g5 20.Be3 Qg6 21.g3 g4 22.hxg4 hxg4
23.Bg2 Nhf6 24.Bf4 Nh5 25.Be3 Ne5 26.Qd1 Nf3+ 27.Bxf3 gxf3 28.Qxf3 Rxe4 29.Kg2 Rce8
30.Rh1 Nxg3 31.Qxg3 Rg4 32.Rh3 Rxe3  0-1

[Event "Berlin op"]
[Site "Berlin-West"]
[Date "1987.??.??"]
[Round "?"]
[White "Vegh, Endre"]
[Black "Paulsen, Dirk"]
[Result "1-0"]
[WhiteElo "2375"]
[BlackElo "2340"]

1.d4 Nf6 2.c4 c5 3.d5 e6 4.Nc3 exd5 5.cxd5 d6 6.Nf3 g6 7.Nd2 Bg7 8.e4 O-O
9.Be2 Na6 10.O-O Nc7 11.a4 Re8 12.f4 a6 13.Bf3 Rb8 14.a5 Nb5 15.Re1 h5 16.Nc4 Ng4
17.Bxg4 hxg4 18.Qd3 Bf5 19.Bd2 Bd4+ 20.Kh1 Bc8 21.Re2 Qh4 22.Nxb5 axb5 23.Nxd6 g3
24.Qxg3 Qxg3 25.hxg3 Bg4 26.Ree1 Re7 27.Bc3 Bf2 28.Rf1 Bxg3 29.Be1 Rd8 30.e5  1-0

[Event "Berlin op"]
[Site "Berlin-West"]
[Date "1987.??.??"]
[Round "?"]
[White "Kallai, Gabor"]
[Black "Wedberg, Tom"]
[Result "1/2-1/2"]
[WhiteElo "2420"]
[BlackElo "2475"]

1.d4 Nf6 2.c4 e6 3.Nf3 c5 4.d5 exd5 5.cxd5 d6 6.Nc3 g6 7.Bf4 a6 8.e4 b5 9.Bd3 Bg7
10.h3 O-O 11.O-O Ne8 12.Qd2 Nd7 13.a4 c4 14.Be2 Nc5 15.Qe3 b4 16.Nd1 Nb3
17.Ra2 Qc7 18.Bh6 Nf6 19.Bxg7 Kxg7 20.e5 Nxd5 21.Qe4 Nc1 22.exd6 Nxe2+ 23.Qxe2 Qxd6
24.Qxc4 Nf6 25.Ra1 Bb7 26.Qe2 Rfe8 27.Ne3 a5 28.Rfd1 Qe6 29.Nd4 Qe4 30.Qd3 Qf4
31.Ne2 Qh4 32.Ng3 Re5 33.Qd4 Qxd4 34.Rxd4 Rc5 35.Kf1 Nd5 36.Nxd5 Rxd5 37.Rxd5 Bxd5
38.Ne2 Rd8 39.f3 Bc4 40.Rc1 Bb3 41.Ke1 Bxa4 42.Ra1 Bb3 43.Rxa5 Rd1+ 44.Kf2 Rd2
45.Ke3 Rxb2 46.g4 Bc4 47.Nd4 b3 48.Ra4 Bd5 49.Ra5 Bc4 50.Ra4 Bf1 51.Rb4 Bxh3
52.Rxb3 Rxb3+ 53.Nxb3 Bf1 54.g5 h5 55.gxh6+ Kxh6 56.f4 Bc4 57.Nd2 Bd5 58.Kf2 Kg7
59.Nf1 Kf6 60.Ng3 Be6 61.Ke3 Bf5 62.Kd4 Ke6 63.Ke3 Kd5 64.Nf1 Kc4 65.Nd2+ Kc5
66.Nf3 Kd5 67.Ng5 f6 68.Nf3 Bc2 69.Nd4 Bd1 70.Nb5 Bh5 71.Nd4 Bd1 72.Nb5 Bh5
73.Nd4 Bg4 74.Nb5 Ke6 75.Nd4+ Ke7 76.Nc6+ Kf8 77.Nd4 Kf7 78.Nb5 Kg7 79.Nd6 Bd7
80.Ne4 Bc6 81.Ng3 Kf7 82.Ne2 Bd5 83.Nd4 Kg7 84.Kf2 Kh6 85.Kg3 Kh5 86.Nb5 g5
87.fxg5 Kxg5 88.Nc3 Bc4 89.Ne4+ Kg6 90.Kf4 Bd3 91.Nd6 f5  1/2-1/2

[Event "Berlin op"]
[Site "Berlin-West"]
[Date "1987.??.??"]
[Round "?"]
[White "Meyer, Peter"]
[Black "Ionescu, Constantin"]
[Result "0-1"]
[WhiteElo "2300"]
[BlackElo "2475"]

1.d4 Nf6 2.Nf3 e6 3.c4 c5 4.d5 d6 5.Nc3 exd5 6.cxd5 g6 7.Bf4 a6 8.a4 Bg7
9.e4 Bg4 10.Be2 Bxf3 11.Bxf3 O-O 12.O-O Ne8 13.Re1 Nd7 14.Qd2 h5 15.h3 Qe7
16.a5 Nc7 17.Be2 Rab8 18.Ra4 Rfc8 19.Bg5 Bf6 20.Bxf6 Qxf6 21.f4 Ne8 22.Rf1 Qg7
23.e5 dxe5 24.d6 Rc6 25.fxe5 Qxe5 26.Bc4 Rxd6 27.Bxf7+ Kg7 28.Qc2 Rf6 29.Raf4 Kxf7  0-1

[Event "Biel schev"]
[Site "Biel"]
[Date "1987.??.??"]
[Round "?"]
[White "Costa, Jean Luc"]
[Black "Cramling, Pia"]
[Result "0-1"]
[WhiteElo "2320"]
[BlackElo "2455"]

1.d4 Nf6 2.Nf3 c5 3.d5 e6 4.c4 exd5 5.cxd5 d6 6.Nc3 g6 7.Nd2 Bg7 8.Nc4 O-O
9.g3 b6 10.a4 Na6 11.Bg2 Nb4 12.Bf4 Ba6 13.Nxd6 Nh5 14.Ndb5 Nxf4 15.gxf4 Bb7
16.O-O a6 17.Na3 Qh4 18.e3 Rad8 19.d6 Bxg2 20.Kxg2 Qf6 21.Nc4 Qe6 22.Qe2 Bxc3
23.bxc3 Nd5 24.Qf3 Nxc3 25.Nxb6 Rxd6 26.a5 Ne4 27.Rfd1 Nd2 28.f5 gxf5 29.Qf4 Kh8
30.f3 Rfd8 31.Kh1 Rd3 32.Re1 Qc6 33.Qxf5 Nxf3  0-1

[Event "Biel schev"]
[Site "Biel"]
[Date "1987.??.??"]
[Round "?"]
[White "Bellin, Jana"]
[Black "Landenbergue, Claude"]
[Result "1/2-1/2"]
[WhiteElo "2340"]
[BlackElo "2300"]

1.d4 Nf6 2.Nf3 c5 3.d5 e6 4.c4 exd5 5.cxd5 d6 6.Nc3 g6 7.e4 Bg7 8.Bg5 O-O
9.Nd2 a6 10.a4 h6 11.Bh4 Re8 12.Be2 Nbd7 13.O-O g5 14.Bg3 Ne5 15.Bxe5 Rxe5
16.f4 Re8 17.fxg5 hxg5 18.Nc4 Nxe4 19.Nxe4 Rxe4 20.Bd3 Bd4+ 21.Kh1 Rh4 22.Qf3 f6
23.g3 Rh6 24.a5 Qf8 25.Rfe1 Rxh2+  1/2-1/2